|
|
|
|
| LEADER |
01331cas a2200241 a 4500 |
| 001 |
AALejournalIMF021167 |
| 008 |
230101c9999 xx r poo 0 0eng d |
| 020 |
|
|
|c 5.00 USD
|
| 020 |
|
|
|z 9781513552729
|
| 040 |
|
|
|a BD-DhAAL
|c BD-DhAAL
|
| 110 |
2 |
|
|a International Monetary Fund.
|
| 240 |
1 |
0 |
|a Progress In Implementing The Framework For Enhanced Fund Engagement On Governance.
|l Arabic
|
| 245 |
1 |
0 |
|a Progress In Implementing The Framework For Enhanced Fund Engagement On Governance.
|
| 264 |
|
1 |
|a Washington, D.C. :
|b International Monetary Fund,
|c 2020.
|
| 300 |
|
|
|a 1 online resource (49 pages)
|
| 500 |
|
|
|a <strong>Off-Campus Access:</strong> No User ID or Password Required
|
| 500 |
|
|
|a <strong>On-Campus Access:</strong> No User ID or Password Required
|
| 506 |
|
|
|a Electronic access restricted to authorized BRAC University faculty, staff and students
|
| 520 |
3 |
|
|a This paper provides an interim update on implementation of the 2018 Framework for Enhanced Fund Engagement on Governance. This update is in advance of a comprehensive formal review of the Framework scheduled for mid-2021.
|
| 538 |
|
|
|a Mode of access: Internet
|
| 650 |
|
7 |
|a Monetary Policy
|2 imf
|
| 650 |
|
7 |
|a Political Economy
|2 imf
|
| 856 |
4 |
0 |
|z Full text available on IMF
|u http://elibrary.imf.org/view/journals/007/2020/003/007.2020.issue-003-ar.xml
|z IMF e-Library
|